Assessing the status of women : (Record no. 72)

MARC details
000 -LEADER
fixed length control field 007550000a22001810004500
005 - DATE AND TIME OF LATEST TRANSACTION
control field 20240120120831.0
008 - FIXED-LENGTH DATA ELEMENTS--GENERAL INFORMATION
fixed length control field 230817t1996 ||||| |||| 00| 0 eng d
082 ## - DEWEY DECIMAL CLASSIFICATION NUMBER
Classification number 305.42
Item number INT
942 ## - ADDED ENTRY ELEMENTS (KOHA)
Item Type Reports
110 ## - MAIN ENTRY--CORPORATE NAME
Corporate Name International Women's Rights Action Watch.
710 ## - ADDED ENTRY--CORPORATE NAME
Corporate Author Women's and youth affairs division, commonwealth secretariat,
245 ## - TITLE STATEMENT
Title Assessing the status of women :
Sub Title a guide to reporting under the Convention on the Elimination of All Forms of Discrimination against Women
250 ## - EDITION STATEMENT
Edition 2nd ed.
260 ## - PUBLICATION, DISTRIBUTION, ETC. (IMPRINT)
Place of Publication Minneapolis:
Name of Publisher International Women's Rights Action Watch (IWRAW),
Date of Copyright 1996
260 ## - PUBLICATION, DISTRIBUTION, ETC. (IMPRINT)
Place of Publication London:
Name of Publisher Women's and youth affairs division, commonwealth secretariat,
Date of Copyright 1996
300 ## - PHYSICAL DESCRIPTION
Extent 90 p. ; 28 cm
650 ## - SUBJECT ADDED ENTRY--TOPICAL TERM
Topical Term Sex discrimination against women
Holdings
Withdrawn status Lost status Source of classification or shelving scheme Damaged status Not for loan Permanent location Current location Date acquired Total Checkouts Full call number Barcode Date last seen Price effective from Koha item type
    Dewey Decimal Classification     Resource center, Muslim Women's Research And Action Forum Resource center, Muslim Women's Research And Action Forum 2023-08-17   305.42 INT RAF3961 2023-08-17 2023-08-17 Reports

Copyright © 2023 Muslim Women's Research and Action Forum (MWRAF), No 27/3, Anderson Road, Kalubowila, Dehiwela. Funded by The Asia Fundation